书目信息 |
| 题名: |
汉语儿童语言发展个案研究
|
|
| 作者: | 杨春梅 著 | |
| 分册: | ||
| 出版信息: | 北京 中国书籍出版社 2020 |
|
| 页数: | 254页 | |
| 开本: | 24cm | |
| 丛书名: | 中国书籍学术之光文库 | |
| 单 册: | ||
| 中图分类: | H193.1 | |
| 科图分类: | ||
| 主题词: | 汉语--han yu--儿童语言--语言能力--研究 | |
| 电子资源: | ||
| ISBN: | 978-7-5068-8043-5 | |
| 000 | 01130oam2 2200253 450 | |
| 001 | 2153144005 | |
| 005 | 20211018173724.0 | |
| 010 | @a978-7-5068-8043-5@b精装@dCNY95.00 | |
| 100 | @a20210402d2020 em y0chiy0120 ea | |
| 101 | 0 | @achi |
| 102 | @aCN@b110000 | |
| 105 | @ay z 000yy | |
| 106 | @ar | |
| 200 | 1 | @a汉语儿童语言发展个案研究@Ahan yu er tong yu yan fa zhan ge an yan jiu@f杨春梅著 |
| 210 | @a北京@c中国书籍出版社@c光明日报出版社@d2020 | |
| 215 | @a254页@d24cm | |
| 225 | 2 | @a中国书籍学术之光文库@Azhong guo shu ji xue shu zhi guang wen ku |
| 330 | @a本书作者采用个案纵向追踪的方法,以一个汉语儿童(0-7岁)的语言发展为研究对象,以语言事实为基础,对儿童的理解与表达,语言的输入和输出进行描述,分析儿童语言的个体发展阶段以及儿童言语幽默的产生机制,探讨儿童在语言学习的初期阶段如何习得词、短语及语法范畴,指出后天的语言环境对儿童语言习得的影响和作用,为揭示儿童语言能力提供事实依据。 | |
| 461 | 0 | @12001 @a中国书籍学术之光文库 |
| 606 | 0 | @a汉语@Ahan yu@x儿童语言@x语言能力@x研究 |
| 690 | @aH193.1@v5 | |
| 701 | 0 | @a杨春梅@Ayang chun mei@4著 |
| 801 | 0 | @aCN@b百万庄@c20211018 |
| 905 | @b1311196-99@dH193.1@e511@f4 | |
| 汉语儿童语言发展个案研究/杨春梅著.-北京:中国书籍出版社:光明日报出版社,2020 |
| 254页;24cm.-(中国书籍学术之光文库) |
| ISBN 978-7-5068-8043-5(精装):CNY95.00 |
| 本书作者采用个案纵向追踪的方法,以一个汉语儿童(0-7岁)的语言发展为研究对象,以语言事实为基础,对儿童的理解与表达,语言的输入和输出进行描述,分析儿童语言的个体发展阶段以及儿童言语幽默的产生机制,探讨儿童在语言学习的初期阶段如何习得词、短语及语法范畴,指出后天的语言环境对儿童语言习得的影响和作用,为揭示儿童语言能力提供事实依据。 |
| ● |
| 相关链接 |
|
|
|
|
正题名:汉语儿童语言发展个案研究
索取号:H193.1/511
 
预约/预借
| 序号 | 登录号 | 条形码 | 馆藏地/架位号 | 状态 | 备注 |
| 1 | 1311196 | 213111960 | 第二样本阅览室/ [索取号:H193.1/511] | 在馆 | |
| 2 | 1311197 | 213111979 | 第四借阅区/ [索取号:H193.1/511] | 在馆 | |
| 3 | 1311198 | 213111988 | 第四借阅区/ [索取号:H193.1/511] | 在馆 | |
| 4 | 1311199 | 213111997 | 第四借阅区/ [索取号:H193.1/511] | 在馆 |